Stade Rennais | Effectif Ligue 1 - 2024/2025 - Statistiques

Statistiques générales
  • Ce quiz a été pris 209 fois
  • Le résultat moyen est 21 sur 30
Statistiques - réponses
Poste Joueurs Nationalité Numéro % Correct
Gardien de but Brice Samba 1
92%
Gardien de but Steve Mandanda 30
90%
Défenseur Adrien Truffert 3
87%
Attaquant Arnaud Kalimuendo 9
87%
Coach Habib Beye
85%
Défenseur Christopher Wooh 4
83%
Attaquant Ludovic Blas 10
82%
Attaquant Mousa Tamari 11
82%
Milieu de terrain Seko Fofana 8
82%
Gardien de but Doğan Alemdar 80
80%
Milieu de terrain Jordan James 17
79%
Défenseur Lorenz Assignon 22
77%
Défenseur Hans Hateboer 33
76%
Défenseur Jérémy Jacquet 97
75%
Gardien de but Gauthier Gallon 23
74%
Défenseur Alidu Seidu 36
73%
Milieu de terrain Ismaël Koné 90
71%
Défenseur Lilian Brassier 5
71%
Milieu de terrain Azor Matusiwa 6
69%
Attaquant Carlos Andrés Gómez 20
69%
Défenseur Anthony Rouault 24
68%
Milieu de terrain Djaoui Cissé 38
66%
Défenseur Mahamadou Nagida 18
62%
Gardien de but Geoffrey Lembet 40
55%
Attaquant Kyogo Furuhashi 7
54%
Défenseur Mikayil Faye 15
54%
Attaquant Kazeem Olaigbe 19
51%
Milieu de terrain Ayanda Sishuba 28
35%
Milieu de terrain Naouirou Ahamada 32
27%
Attaquant Wilson Samaké 52
13%
Aucun quiz correspondant
Distribution des résultats
% des personnes avec chaque résultat
Percentile par nombre de réponses
Votre historique - résultats
Vous n’avez pas pris ce quiz